| 000 | 004490000a22001930004500 | ||
|---|---|---|---|
| 999 |
_c49267 _d49267 |
||
| 001 | 2120 | ||
| 003 | CO-MdFUSB | ||
| 005 | 20180713152003.0 | ||
| 008 | 180713b xxu||||| |||| 00| 0 eng d | ||
| 020 | _a0-7214-1863-5 | ||
| 040 | _cCO-MdBIC | ||
| 082 | 0 | 4 | _a813C B76s |
| 100 | 1 | _aBriggs`, Raymond | |
| 245 | 1 | 0 | _aThe snowman / Raymond Briggs` |
| 260 | _aUK : Ladybird | ||
| 300 | _a(26 p.) | ||
| 650 | 1 | 4 | _aCuento infantil ingles |
| 942 | _cLGB | ||